<?xml version="1.0" encoding="UTF-8"?>
<record
    xmlns:xsi="http://www.w3.org/2001/XMLSchema-instance"
    xsi:schemaLocation="http://www.loc.gov/MARC21/slim http://www.loc.gov/standards/marcxml/schema/MARC21slim.xsd"
    xmlns="http://www.loc.gov/MARC21/slim">

  <leader>00994nam a2200181   4500</leader>
  <controlfield tag="003">LK-CoMWRAF</controlfield>
  <controlfield tag="005">20240118100448.0</controlfield>
  <controlfield tag="008">240118b        |||||||| |||| 00| 0 eng d</controlfield>
  <datafield tag="020" ind1=" " ind2=" ">
    <subfield code="a">9559102338</subfield>
  </datafield>
  <datafield tag="040" ind1=" " ind2=" ">
    <subfield code="a">LK-CoMWRAF</subfield>
    <subfield code="d">LK-CoMWRAF</subfield>
    <subfield code="e">LK-CoMWRAF</subfield>
  </datafield>
  <datafield tag="041" ind1=" " ind2=" ">
    <subfield code="a">sin</subfield>
    <subfield code="a">tam</subfield>
  </datafield>
  <datafield tag="082" ind1=" " ind2=" ">
    <subfield code="a">305.23 </subfield>
    <subfield code="b">BHA</subfield>
  </datafield>
  <datafield tag="100" ind1=" " ind2=" ">
    <subfield code="a">&#xDB7;&#xDCF;&#xDC3;&#xDD2;&#xDB1;&#xDCA;, &#xD9A;&#xDB8;&#xDD2;&#xDBD;&#xDCF; =  &#xBAA;&#xBBE;&#xB9A;&#xBBF;&#xBA9;&#xBCD;, &#xB95;&#xBAE;&#xBCD;&#xBB2;&#xBBE;</subfield>
  </datafield>
  <datafield tag="245" ind1=" " ind2=" ">
    <subfield code="a">&#xD9C;&#xDD0;&#xDC4;&#xDD0;&#xDB1;&#xDD4; &#xDC5;&#xDB8;&#xDBA;&#xDCF; &#xDBA;&#xDB1;&#xDD4; &#xD9A;&#xDC0;&#xDBB;&#xDD9;&#xD9A;&#xDCA; &#xDAF; ? = &#xBAA;&#xBC6;&#xBA3;&#xBCD; &#xB8E;&#xBA9;&#xBCD;&#xBB1;&#xBBE;&#xBB2;&#xBCD; &#xB8E;&#xBA9;&#xBCD;&#xBA9;? = &#xDB4;&#xDD2;&#xDBB;&#xDD2;&#xDB8;&#xDD2; &#xDC5;&#xDB8;&#xDBA;&#xDCF; &#xDBA;&#xDB1;&#xDD4; &#xD9A;&#xDC0;&#xDBB;&#xDD9;&#xD9A;&#xDCA; &#xDAF; ? = &#xB86;&#xBA3;&#xBCD; &#xB8E;&#xBA9;&#xBCD;&#xBB1;&#xBBE;&#xBB2;&#xBCD; &#xB8E;&#xBA9;&#xBCD;&#xBA9;?</subfield>
  </datafield>
  <datafield tag="260" ind1=" " ind2=" ">
    <subfield code="a">&#xD9A;&#xDDC;&#xDC5;&#xDB9; = &#xB95;&#xBCA;&#xBB4;&#xBC1;&#xBAE;&#xBCD;&#xBAA;&#xBC1; : </subfield>
    <subfield code="b">&#xDC3;&#xDB8;&#xDCF;&#xDA2; &#xDC0;&#xDD2;&#xDAF;&#xDCA;&#x200D;&#xDBA;&#xDCF;&#xDA5;&#xDBA;&#xDD2;&#xDB1;&#xDCA;&#xD9C;&#xDDA; &#xDC3;&#xD82;&#xD9C;&#xDB8;&#xDBA; = &#xB9A;&#xBAE;&#xBC2;&#xB95;&#xBB5;&#xBBF;&#xBAF;&#xBB2;&#xBBE;&#xBB3;&#xBB0;&#xBCD;&#xB95;&#xBB3;&#xBCD; &#xB9A;&#xB99;&#xBCD;&#xB95;&#xBAE;&#xBCD;, &#xB95;&#xBCA;&#xBB4;&#xBC1;&#xBAE;&#xBCD;&#xBAA;&#xBC1;,  </subfield>
    <subfield code="c">2000</subfield>
  </datafield>
  <datafield tag="700" ind1=" " ind2=" ">
    <subfield code="a">&#xDAD;&#xDDD;&#xDB4;&#xDBB;&#xDCA; &#xDB6;&#xDD2;&#xDB1;&#xDCA;&#xDAF;&#xDD2;&#xDBA;&#xDCF; = &#xBA4;&#xBCB;&#xBAA;&#xBB0;&#xBCD;, &#xBAA;&#xBBF;&#xBA8;&#xBCD;&#xBA4;&#xBBF;&#xBAF;&#xBBE; </subfield>
    <subfield code="e">ills.</subfield>
  </datafield>
  <datafield tag="942" ind1=" " ind2=" ">
    <subfield code="c">BK</subfield>
  </datafield>
  <datafield tag="952" ind1=" " ind2=" ">
    <subfield code="0">0</subfield>
    <subfield code="1">0</subfield>
    <subfield code="4">0</subfield>
    <subfield code="7">0</subfield>
    <subfield code="a">MAIN</subfield>
    <subfield code="b">MAIN</subfield>
    <subfield code="d">2024-01-18</subfield>
    <subfield code="l">0</subfield>
    <subfield code="o">305.23  BHA</subfield>
    <subfield code="p">RAF4803</subfield>
    <subfield code="r">2024-01-18</subfield>
    <subfield code="w">2024-01-18</subfield>
    <subfield code="y">BK</subfield>
  </datafield>
  <datafield tag="952" ind1=" " ind2=" ">
    <subfield code="0">0</subfield>
    <subfield code="1">0</subfield>
    <subfield code="4">0</subfield>
    <subfield code="7">0</subfield>
    <subfield code="a">MAIN</subfield>
    <subfield code="b">MAIN</subfield>
    <subfield code="d">2024-01-18</subfield>
    <subfield code="l">0</subfield>
    <subfield code="o">305.23  BHA</subfield>
    <subfield code="p">RAF4816</subfield>
    <subfield code="r">2024-01-18</subfield>
    <subfield code="w">2024-01-18</subfield>
    <subfield code="y">BK</subfield>
  </datafield>
  <datafield tag="999" ind1=" " ind2=" ">
    <subfield code="c">4645</subfield>
    <subfield code="d">4645</subfield>
  </datafield>
</record>
